书目信息 |
| 题名: |
健康土壤培育与实践指南
|
|
| 作者: | 马格多夫 , 埃斯 著 ;陈能场 , 张俊伶 译 | |
| 分册: | ||
| 出版信息: | 北京 化学工业出版社 2024 |
|
| 页数: | 430页 | |
| 开本: | 27cm | |
| 丛书名: | ||
| 单 册: | ||
| 中图分类: | S154.1 | |
| 科图分类: | ||
| 主题词: | 土壤生态学--指南 | |
| 电子资源: | ||
| ISBN: | 978-7-122-44762-3 | |
| 000 | 01619nam0 2200289 450 | |
| 001 | 012024000076 | |
| 005 | 20240924225023.0 | |
| 010 | @a978-7-122-44762-3@b精装@dCNY199.00 | |
| 100 | @a20240924d2024 em y0chiy50 ea | |
| 101 | 1 | @achi@ceng |
| 102 | @aCN@b110000 | |
| 105 | @aa z 001yy | |
| 106 | @ar | |
| 200 | 1 | @a健康土壤培育与实践指南@Ajian kang tu rang pei yu yu shi jian zhi nan@e健康土壤的生态管理@dBuilding soils for better crops@eecological management for healthy soils@f(美)弗雷德·马格多夫(Fred Magdoff),(美)哈罗德·范·埃斯(Harold van Es)著@g陈能场,张俊伶等译@zeng |
| 210 | @a北京@c化学工业出版社@d2024 | |
| 215 | @a430页@c彩图,彩照@d27cm | |
| 305 | @aSustainable Agriculture Research and Education (SARE)授权出版 据原著第4版译出 | |
| 330 | @a本书主要对土壤健康的各种构建方法进行了阐述,而且列举了许多具体案例,为土壤健康的构建给出了大量的实践方法。全书旨在让读者全面了解土壤健康的重要性,提出有益于生态环境保育的措施,以帮助维护和培育健康的土壤,并教导人们如何通过分析土壤状态、全面掌握和了解土壤的有关信息,然后根据土壤特性和相关管理措施的优缺点,结合当地的实际情况,让读者通过自己的思考与探索来得出一个最佳答案。 | |
| 510 | 1 | @aBuilding soils for better crops@eecological management for healthy soils@zeng |
| 606 | 0 | @a土壤生态学@j指南 |
| 690 | @aS154.1@v5 | |
| 701 | 0 | @c(美)@a马格多夫@Ama ge duo fu@c(Magdoff, Fred)@4著 |
| 701 | 0 | @c(美)@a埃斯@Aai si@c(Es, Harold van)@4著 |
| 702 | 0 | @a陈能场@Achen neng chang@f(1966.8-)@4译 |
| 702 | 0 | @a张俊伶@Azhang jun ling@c(女,@f1970.11-)@4译 |
| 801 | 0 | @aCN@bAHXH@c20240924 |
| 905 | @b214132552@b214132561@b214132570@dS154.1@e148@f3 | |
| 健康土壤培育与实践指南:健康土壤的生态管理=Building soils for better crops:ecological management for healthy soils/(美)弗雷德·马格多夫(Fred Magdoff),(美)哈罗德·范·埃斯(Harold van Es)著/陈能场,张俊伶等译.-北京:化学工业出版社,2024 |
| 430页:彩图,彩照;27cm |
| ISBN 978-7-122-44762-3(精装):CNY199.00 |
| 本书主要对土壤健康的各种构建方法进行了阐述,而且列举了许多具体案例,为土壤健康的构建给出了大量的实践方法。全书旨在让读者全面了解土壤健康的重要性,提出有益于生态环境保育的措施,以帮助维护和培育健康的土壤,并教导人们如何通过分析土壤状态、全面掌握和了解土壤的有关信息,然后根据土壤特性和相关管理措施的优缺点,结合当地的实际情况,让读者通过自己的思考与探索来得出一个最佳答案。 |
| ● |
| 相关链接 |
|
|
|
|
正题名:健康土壤培育与实践指南
索取号:S154.1/148
 
预约/预借
| 序号 | 登录号 | 条形码 | 馆藏地/架位号 | 状态 | 备注 |
| 1 | 1413255 | 214132552 | 第二样本阅览室/ [索取号:S154.1/148] | 在馆 | |
| 2 | 1413256 | 214132561 | 第三借阅区/ [索取号:S154.1/148] | 在馆 | |
| 3 | 1413257 | 214132570 | 第三借阅区/ [索取号:S154.1/148] | 在馆 |